000 00676cam a22002291 4500
001 sa 67000148
003 DLC
005 20260227112312.0
008 881102s1965 ii 000 0 hino
010 _asa 67000148
035 _a(OCoLC)23538923
040 _aDLC
_cMiU
_dDLC
042 _apremarc
050 0 0 _aPK1936
_b.I54
110 1 _aIndia.
_bStanding Commission for Scientific and Technical Terminology.
245 1 0 _aPraśāsana-sabdāvalī, Aṅgrezī-Hindī.
260 _a[New Delhi,
_c1965]
300 _axxi, 95 p.
_c22 cm.
500 _aRomanized.
650 0 _aEnglish language
_xDictionaries
_xHindi.
740 0 _aAdministration glossary, English-Hindi.
999 _c71790
_d71790